Cautious welcome for NFU strategy (Record no. 67871)
[ view plain ]
| 000 -LEADER | |
|---|---|
| fixed length control field | 01210cam a2200253 4500 |
| 001 - CONTROL NUMBER | |
| control field | WB3730-31 |
| 008 - FIXED-LENGTH DATA ELEMENTS--GENERAL INFORMATION | |
| fixed length control field | 010802n2001 000 0 eng u |
| 035 ## - SYSTEM CONTROL NUMBER | |
| System control number | (Sirsi) u113907 |
| 245 ## - TITLE STATEMENT | |
| Title | Cautious welcome for NFU strategy |
| 260 ## - PUBLICATION, DISTRIBUTION, ETC. | |
| Date of publication, distribution, etc. | 2001 |
| 490 ## - SERIES STATEMENT | |
| Series statement | Scotsman |
| Volume/sequential designation | 2 August 2001, 4 |
| 490 ## - SERIES STATEMENT | |
| Series statement | NFU Press Release |
| Volume/sequential designation | 1 August 2001, (3) |
| 520 ## - SUMMARY, ETC. | |
| Summary, etc. | 6+e NFU presented its survival strategy, "A strategy for UK agriculture", to food industry leaders at the Food Industry Summit. The strategy presents farming as being in a vicious circle where lower incomes lead to lack of investment and an inability to consider wider markets. It outlines 4 key opportunities: producing commodity products; adding value and developing new commodity products including non-food ones and providing environmental and other services to the public. However it does not mention the need for a longterm solution through government policy. |
| 590 ## - LOCAL NOTE (RLIN) | |
| Local note | WB |
| 650 ## - SUBJECT ADDED ENTRY--TOPICAL TERM | |
| Topical term or geographic name entry element | FARMING |
| 650 ## - SUBJECT ADDED ENTRY--TOPICAL TERM | |
| Topical term or geographic name entry element | AGRICULTURE |
| 650 ## - SUBJECT ADDED ENTRY--TOPICAL TERM | |
| Topical term or geographic name entry element | FARM DIVERSIFICATION |
| 650 ## - SUBJECT ADDED ENTRY--TOPICAL TERM | |
| Topical term or geographic name entry element | RURAL ISSUES |
| 650 ## - SUBJECT ADDED ENTRY--TOPICAL TERM | |
| Topical term or geographic name entry element | FOOD PRODUCTION |
| 650 ## - SUBJECT ADDED ENTRY--TOPICAL TERM | |
| Topical term or geographic name entry element | ALTERNATIVE CROPS |
| 650 ## - SUBJECT ADDED ENTRY--TOPICAL TERM | |
| Topical term or geographic name entry element | GENETICALLY MODIFIED ORGANISMS |
| 690 ## - LOCAL SUBJECT ADDED ENTRY--TOPICAL TERM (OCLC, RLIN) | |
| Topical term or geographic name as entry element | Rural |
| 9 (RLIN) | 6268 |
| 942 ## - ADDED ENTRY ELEMENTS (KOHA) | |
| Suppress in OPAC | 0 |
| Withdrawn status | Lost status | Source of classification or shelving scheme | Damaged status | Not for loan | Home library | Current library | Shelving location | Date acquired | Total Checkouts | Full call number | Barcode | Date last seen | Copy number | Price effective from | Koha item type |
|---|---|---|---|---|---|---|---|---|---|---|---|---|---|---|---|
| Dewey Decimal Classification | London | London | News article | 02/08/2001 | WB3730-31 | 113907-1001 | 06/08/2019 | 1 | 06/08/2019 | News article |